00510nam a2200193Ia 450000500170000000800410001702000180005804100120007608200150008810000200010324500610012325000120018426000310019630000200022765000160024765000190026370000160028270000180029820260429112150.0260429s9999||||xx |||||||||||||| ||und|| a9789354798283 aEnglish a361.4bCRA aCrawford, Karin 0aGroupwork practice for social workers / cKarin Crawford a1st ed. aNew Delhi : bSage,c2025. avi, 180 p.; pbk a Group work aSocial workers a Price, Bob a Price, Marie